[Event "Irena Warakomska Memorial B"]
[Site "Suwalki"]
[Date "2018.08.07"]
[Round "8"]
[White "Rak, Tomasz"]
[Black "Nikitin, Aleksander I"]
[Result "1/2-1/2"]
[Board "2"]
[WhiteElo "2005"]
[WhiteCountry "POL"]
[WhiteFideId "1133560"]
[WhiteEloChange "1"]
[BlackElo "2036"]
[BlackCountry "BLR"]
[BlackFideId "13503065"]
[BlackEloChange "-1"]

1. Nf3 {[%clk 1:30:30]} Nf6 {[%clk 1:30:24]} 2. d4 {[%clk 1:30:30]} d6 {[%clk
1:29:42]} 3. c4 {[%clk 1:30:49]} Nbd7 {[%clk 1:29:47]} 4. Nc3 {[%clk 1:30:54]} c6
{[%clk 1:30:06]} 5. e4 {[%clk 1:29:52]} e5 {[%clk 1:30:21]} 6. d5 {[%clk
1:28:50]} Nc5 {[%clk 1:27:10]} 7. Nd2 {[%clk 1:25:25]} a5 {[%clk 1:24:45]} 8. Be2
{[%clk 1:24:58]} Be7 {[%clk 1:23:12]} 9. b3 {[%clk 1:24:07]} cxd5 {[%clk
1:23:06]} 10. cxd5 {[%clk 1:23:10]} O-O {[%clk 1:21:03]} 11. O-O {[%clk 1:19:24]}
Ne8 {[%clk 1:15:46]} 12. Nc4 {[%clk 1:12:45]} f5 {[%clk 0:59:32]} 13. exf5 {[%clk
1:11:53]} Bxf5 {[%clk 0:58:40]} 14. Be3 {[%clk 1:10:19]} Rc8 {[%clk 0:49:06]} 15.
a3 {[%clk 1:07:09]} Bf6 {[%clk 0:34:15]} 16. Nb5 {[%clk 0:55:53]} e4 {[%clk
0:21:26]} 17. Ra2 {[%clk 0:54:25]} Kh8 {[%clk 0:16:42]} 18. Nxa5 {[%clk 0:48:39]}
Qxa5 {[%clk 0:15:49]} 19. b4 {[%clk 0:49:04]} Qd8 {[%clk 0:13:46]} 20. bxc5
{[%clk 0:49:18]} dxc5 {[%clk 0:12:07]} 21. Rc2 {[%clk 0:43:28]} b6 {[%clk
0:08:56]} 22. a4 {[%clk 0:37:53]} Be5 {[%clk 0:07:58]} 23. Na7 {[%clk 0:36:50]}
Bxh2+ {[%clk 0:07:00]} 24. Kxh2 {[%clk 0:36:59]} Qc7+ {[%clk 0:07:25]} 25. d6
{[%clk 0:33:39]} Qxa7 {[%clk 0:07:24]} 26. Bb5 {[%clk 0:33:48]} Nf6 {[%clk
0:06:36]} 27. Bf4 {[%clk 0:27:24]} e3 {[%clk 0:05:48]} 28. fxe3 {[%clk 0:26:11]}
Bxc2 {[%clk 0:05:58]} 29. Qxc2 {[%clk 0:26:26]} Rcd8 {[%clk 0:05:20]} 30. Rd1
{[%clk 0:25:13]} Qf7 {[%clk 0:04:48]} 31. Qf5 {[%clk 0:23:40]} Qb3 {[%clk
0:04:52]} 32. Rd3 {[%clk 0:23:34]} Qc2 {[%clk 0:05:01]} 33. Qe6 {[%clk 0:21:45]}
h5 {[%clk 0:04:24]} 34. Be5 {[%clk 0:18:03]} Qf2 {[%clk 0:03:11]} 35. Bxf6 {[%clk
0:15:33]} Rxf6 {[%clk 0:02:48]} 36. Qe5 {[%clk 0:12:42]} Qh4+ {[%clk 0:02:57]}
37. Kg1 {[%clk 0:13:06]} Qe1+ {[%clk 0:03:07]} 38. Kh2 {[%clk 0:13:31]} Qh4+
{[%clk 0:02:45]} 39. Kg1 {[%clk 0:13:31]} Rdf8 {[%clk 0:02:09]} 40. Rd1 {[%clk
0:13:20]} Rf5 {[%clk 0:01:37]} 41. Qe7 {[%clk 0:08:32]} R5f6 42. Qe5 {[%clk
0:04:40]} Rf5 43. Qe7 {[%clk 0:04:49]} R5f6 44. Qe5 $11 {[%clk 0:05:09]} 1/2-1/2

[Event "Irena Warakomska Memorial B"]
[Site "Suwalki"]
[Date "2018.08.07"]
[Round "8"]
[White "Marinc, Damir"]
[Black "Barchuk, Irina"]
[Result "1/2-1/2"]
[Board "6"]
[WhiteElo "1931"]
[WhiteCountry "SLO"]
[WhiteFideId "14607344"]
[WhiteEloChange "3"]
[BlackElo "2039"]
[BlackCountry "UKR"]
[BlackFideId "14119005"]
[BlackEloChange "-3"]

1. d4 {[%clk 1:30:30]} Nf6 {[%clk 1:30:30]} 2. c4 {[%clk 1:30:30]} g6 {[%clk
1:30:30]} 3. Nc3 {[%clk 1:30:30]} Bg7 {[%clk 1:30:30]} 4. e4 {[%clk 1:30:30]} d6
{[%clk 1:30:30]} 5. Nge2 {[%clk 1:30:30]} O-O {[%clk 1:30:30]} 6. Ng3 {[%clk
1:30:30]} e5 {[%clk 1:30:30]} 7. d5 {[%clk 1:30:30]} a5 {[%clk 1:30:30]} 8. Be2
{[%clk 1:30:30]} Na6 {[%clk 1:30:30]} 9. h4 {[%clk 1:30:30]} h5 {[%clk 1:30:30]}
10. Bg5 {[%clk 1:30:30]} Qe8 {[%clk 1:30:30]} 11. Qd2 {[%clk 1:30:30]} Bd7 {[%clk
1:30:30]} 12. Bh6 {[%clk 1:30:30]} Bxh6 {[%clk 1:30:30]} 13. Qxh6 {[%clk
1:30:30]} Qe7 {[%clk 1:30:30]} 14. Qg5 {[%clk 1:30:30]} Rae8 {[%clk 1:30:30]} 15.
Nf5 {[%clk 1:30:30]} Bxf5 {[%clk 1:30:30]} 16. exf5 {[%clk 1:30:30]} Nh7 {[%clk
1:30:30]} 17. Qg3 {[%clk 1:30:30]} Qf6 {[%clk 1:30:30]} 18. fxg6 {[%clk 1:30:30]}
Qxg6 {[%clk 1:30:30]} 19. Rh3 {[%clk 1:30:30]} Nf6 {[%clk 1:30:30]} 20. Qg5
{[%clk 1:30:30]} Kh7 {[%clk 1:30:30]} 21. Rf3 {[%clk 1:30:30]} Ng4 {[%clk
1:30:30]} 22. Rf5 {[%clk 1:30:30]} Nh6 {[%clk 1:30:30]} 23. Rf6 {[%clk 1:30:30]}
Qxg5 {[%clk 1:30:30]} 24. hxg5 {[%clk 1:30:30]} Ng8 {[%clk 1:30:30]} 25. Rf3
{[%clk 1:30:30]} Kg6 {[%clk 1:30:30]} 26. Rh3 {[%clk 1:30:30]} Nc5 {[%clk
1:30:30]} 27. O-O-O {[%clk 1:30:30]} Kxg5 {[%clk 1:30:30]} 28. Rxh5+ {[%clk
1:30:30]} Kg6 {[%clk 1:30:30]} 29. Rdh1 {[%clk 1:30:30]} Nf6 {[%clk 1:30:30]} 30.
R5h3 {[%clk 1:30:30]} Nfe4 {[%clk 1:30:30]} 31. Rh6+ {[%clk 1:30:30]} Kg7 {[%clk
1:30:30]} 32. Rh7+ {[%clk 1:30:30]} Kf6 {[%clk 1:30:30]} 33. Nxe4+ {[%clk
1:30:30]} Nxe4 {[%clk 1:30:30]} 34. Bd3 {[%clk 1:30:30]} Ng5 {[%clk 1:30:30]} 35.
R7h4 {[%clk 1:30:30]} e4 {[%clk 1:30:30]} 36. Bc2 {[%clk 1:30:30]} Kg7 {[%clk
1:30:30]} 37. Rg4 {[%clk 1:30:30]} f6 {[%clk 1:30:30]} 38. f4 {[%clk 1:30:30]}
exf3 {[%clk 1:30:30]} 39. gxf3 {[%clk 1:30:30]} Rh8 {[%clk 1:30:30]} 40. Rhg1
{[%clk 1:30:30]} Kf8 {[%clk 1:30:30]} 41. Rf4 {[%clk 1:30:30]} Kg7 {[%clk
1:30:30]} 42. Rf5 {[%clk 1:30:30]} Rh2 {[%clk 1:30:30]} 43. f4 {[%clk 1:30:30]}
Rxc2+ {[%clk 1:30:30]} 44. Kxc2 {[%clk 1:30:30]} Kg6 {[%clk 1:30:30]} 45. Rfxg5+
{[%clk 1:30:30]} fxg5 {[%clk 1:30:30]} 46. Rxg5+ {[%clk 1:30:30]} Kf6 {[%clk
1:30:30]} 47. Kd3 {[%clk 1:30:30]} Rh8 {[%clk 1:30:30]} 48. Rg2 {[%clk 1:30:30]}
Rh3+ {[%clk 1:30:30]} 49. Ke4 {[%clk 1:30:30]} Rh1 {[%clk 1:30:30]} 50. Re2
{[%clk 1:30:30]} Rh3 {[%clk 1:30:30]} 51. Rg2 {[%clk 1:30:30]} Rh1 {[%clk
1:30:30]} 52. b3 {[%clk 1:30:30]} Rh3 {[%clk 1:30:30]} 53. Rg8 {[%clk 1:30:30]}
Rh2 {[%clk 1:30:30]} 54. Rc8 {[%clk 1:30:30]} Re2+ {[%clk 1:30:30]} 55. Kd4
{[%clk 1:30:30]} Re7 {[%clk 1:30:30]} 56. a3 {[%clk 1:30:30]} b6 {[%clk 1:30:30]}
57. b4 {[%clk 1:30:30]} axb4 {[%clk 1:30:30]} 58. axb4 {[%clk 1:30:30]} Kf5
{[%clk 1:30:30]} 59. Rf8+ {[%clk 1:30:30]} Kg6 {[%clk 1:30:30]} 60. c5 {[%clk
1:30:30]} bxc5+ {[%clk 1:30:30]} 61. bxc5 {[%clk 1:30:30]} dxc5+ {[%clk 1:30:30]}
62. Kxc5 {[%clk 1:30:30]} Re1 {[%clk 1:30:30]} 63. Kc6 {[%clk 1:30:30]} Rc1+
{[%clk 1:30:30]} 64. Kb7 {[%clk 1:30:30]} Rc5 {[%clk 1:30:30]} 65. Rg8+ {[%clk
1:30:30]} Kf5 {[%clk 1:30:30]} 66. Rg5+ {[%clk 1:30:30]} Kxf4 {[%clk 1:30:30]}
67. Rg7 {[%clk 1:30:30]} Rxd5 {[%clk 1:30:30]} 68. Rxc7 {[%clk 1:30:30]} Kf5
{[%clk 1:30:30]} 1/2-1/2

[Event "Irena Warakomska Memorial B"]
[Site "Suwalki"]
[Date "2018.08.07"]
[Round "8"]
[White "Hrymowicz, Artur"]
[Black "Mazalon, Mariusz"]
[Result "1/2-1/2"]
[Board "7"]
[WhiteElo "2123"]
[WhiteCountry "POL"]
[WhiteFideId "1194240"]
[WhiteEloChange "-2"]
[BlackElo "2060"]
[BlackCountry "POL"]
[BlackFideId "1103105"]
[BlackEloChange "2"]

1. e4 {[%clk 1:30:30]} c5 {[%clk 1:30:30]} 2. Nf3 {[%clk 1:30:30]} g6 {[%clk
1:30:30]} 3. d4 {[%clk 1:30:30]} Bg7 {[%clk 1:30:30]} 4. c4 {[%clk 1:30:30]} Na6
{[%clk 1:30:30]} 5. Nc3 {[%clk 1:30:30]} d6 {[%clk 1:30:30]} 6. Be2 {[%clk
1:30:30]} Nf6 {[%clk 1:30:30]} 7. O-O {[%clk 1:30:30]} O-O {[%clk 1:30:30]} 8.
Be3 {[%clk 1:30:30]} Ng4 {[%clk 1:30:30]} 9. Bg5 {[%clk 1:30:30]} h6 {[%clk
1:30:30]} 10. Bh4 {[%clk 1:30:30]} cxd4 {[%clk 1:30:30]} 11. Nxd4 {[%clk
1:30:30]} Ne5 {[%clk 1:30:30]} 12. f4 {[%clk 1:30:30]} Nc6 {[%clk 1:30:30]} 13.
Nb3 {[%clk 1:30:30]} Nc5 {[%clk 1:30:30]} 14. Bf2 {[%clk 1:30:30]} Bxc3 {[%clk
1:30:30]} 15. bxc3 {[%clk 1:30:30]} Nxe4 {[%clk 1:30:30]} 16. Be1 {[%clk
1:30:30]} f5 {[%clk 1:30:30]} 17. Bd3 {[%clk 1:30:30]} Nf6 {[%clk 1:30:30]} 18.
c5 {[%clk 1:30:30]} d5 {[%clk 1:30:30]} 19. c4 {[%clk 1:30:30]} Be6 {[%clk
1:30:30]} 20. Qe2 {[%clk 1:30:30]} Bf7 {[%clk 1:30:30]} 21. Rd1 {[%clk 1:30:30]}
Qc7 {[%clk 1:30:30]} 22. Bc3 {[%clk 1:30:30]} Rad8 {[%clk 1:30:30]} 23. Bxf6
{[%clk 1:30:30]} exf6 {[%clk 1:30:30]} 24. cxd5 {[%clk 1:30:30]} Rxd5 {[%clk
1:30:30]} 25. Bc4 {[%clk 1:30:30]} Rxd1 {[%clk 1:30:30]} 26. Bxf7+ {[%clk
1:30:30]} Rxf7 {[%clk 1:30:30]} 27. Qxd1 {[%clk 1:30:30]} Rd7 {[%clk 1:30:30]}
28. Qe2 {[%clk 1:30:30]} Kg7 {[%clk 1:30:30]} 29. g3 {[%clk 1:30:30]} Qd8 {[%clk
1:30:30]} 30. Rf3 {[%clk 1:30:30]} Rd1+ {[%clk 1:30:30]} 31. Rf1 {[%clk 1:30:30]}
Rxf1+ {[%clk 1:30:30]} 32. Kxf1 {[%clk 1:30:30]} Qd5 {[%clk 1:30:30]} 33. Kg1
{[%clk 1:30:30]} g5 {[%clk 1:30:30]} 34. Kf2 {[%clk 1:30:30]} g4 {[%clk 1:30:30]}
35. Qd2 {[%clk 1:30:30]} Qh1 {[%clk 1:30:30]} 36. Qd7+ {[%clk 1:30:30]} Kf8
{[%clk 1:30:30]} 37. Qc8+ {[%clk 1:30:30]} Kf7 {[%clk 1:30:30]} 38. Qxb7+ {[%clk
1:30:30]} Kg6 {[%clk 1:30:30]} 39. Ke3 {[%clk 1:30:30]} Qe1+ {[%clk 1:30:30]} 40.
Kd3 {[%clk 1:30:30]} Nb4+ {[%clk 1:30:30]} 41. Kc4 {[%clk 1:30:30]} Nxa2 {[%clk
1:30:30]} 42. Kb5 {[%clk 1:30:30]} Nc3+ {[%clk 1:30:30]} 43. Ka6 {[%clk 1:30:30]}
Qe2+ {[%clk 1:30:30]} 44. Kxa7 {[%clk 1:30:30]} Nb5+ {[%clk 1:30:30]} 45. Kb6
{[%clk 1:30:30]} Nc3 {[%clk 1:30:30]} 46. c6 {[%clk 1:30:30]} Qc4 {[%clk
1:30:30]} 47. c7 {[%clk 1:30:30]} Nd5+ {[%clk 1:30:30]} 48. Qxd5 {[%clk 1:30:30]}
Qxd5 {[%clk 1:30:30]} 49. Na5 {[%clk 1:30:30]} Qd4+ {[%clk 1:30:30]} 50. Kb5
{[%clk 1:30:30]} Qd7+ {[%clk 1:30:30]} 51. Kb6 {[%clk 1:30:30]} Qd4+ {[%clk
1:30:30]} 52. Kb5 {[%clk 1:30:30]} 1/2-1/2

[Event "Irena Warakomska Memorial B"]
[Site "Suwalki"]
[Date "2018.08.07"]
[Round "8"]
[White "Litner, Igor"]
[Black "Krasiewicz, Robert"]
[Result "1/2-1/2"]
[Board "8"]
[WhiteElo "1929"]
[WhiteCountry "POL"]
[WhiteFideId "1163078"]
[WhiteEloChange "2"]
[BlackElo "1990"]
[BlackCountry "POL"]
[BlackFideId "1128612"]
[BlackEloChange "-2"]

1. d4 {[%clk 1:30:30]} g6 {[%clk 1:30:30]} 2. f4 {[%clk 1:30:30]} d5 {[%clk
1:30:30]} 3. Nf3 {[%clk 1:30:30]} Nf6 {[%clk 1:30:30]} 4. e3 {[%clk 1:30:30]} Bg7
{[%clk 1:30:30]} 5. Bd3 {[%clk 1:30:30]} O-O {[%clk 1:30:30]} 6. O-O {[%clk
1:30:30]} c5 {[%clk 1:30:30]} 7. c3 {[%clk 1:30:30]} Qc7 {[%clk 1:30:30]} 8. Nbd2
{[%clk 1:30:30]} cxd4 {[%clk 1:30:30]} 9. Nxd4 {[%clk 1:30:30]} Nc6 {[%clk
1:30:30]} 10. N2f3 {[%clk 1:30:30]} Bd7 {[%clk 1:30:30]} 11. Bd2 {[%clk 1:30:30]}
Rac8 {[%clk 1:30:30]} 12. Qe2 {[%clk 1:30:30]} Rfe8 {[%clk 1:30:30]} 13. Nxc6
{[%clk 1:30:30]} bxc6 {[%clk 1:30:30]} 14. Ne5 {[%clk 1:30:30]} Bf5 {[%clk
1:30:30]} 15. Bxf5 {[%clk 1:30:30]} gxf5 {[%clk 1:30:30]} 16. Be1 {[%clk
1:30:30]} Nd7 {[%clk 1:30:30]} 17. Nd3 {[%clk 1:30:30]} Qd6 {[%clk 1:30:30]} 18.
Rc1 {[%clk 1:30:30]} c5 {[%clk 1:30:30]} 19. c4 {[%clk 1:30:30]} d4 {[%clk
1:30:30]} 20. e4 {[%clk 1:30:30]} fxe4 {[%clk 1:30:30]} 21. Qxe4 {[%clk 1:30:30]}
Qc6 {[%clk 1:30:30]} 22. Qxc6 {[%clk 1:30:30]} Rxc6 {[%clk 1:30:30]} 23. a3
{[%clk 1:30:30]} e5 {[%clk 1:30:30]} 24. fxe5 {[%clk 1:30:30]} Nxe5 {[%clk
1:30:30]} 25. Nxe5 {[%clk 1:30:30]} Rxe5 {[%clk 1:30:30]} 26. b4 {[%clk 1:30:30]}
Bh6 {[%clk 1:30:30]} 27. Rb1 {[%clk 1:30:30]} cxb4 {[%clk 1:30:30]} 28. Rxb4
{[%clk 1:30:30]} Rec5 {[%clk 1:30:30]} 29. Rb8+ {[%clk 1:30:30]} Kg7 {[%clk
1:30:30]} 30. Ra8 {[%clk 1:30:30]} Ra6 {[%clk 1:30:30]} 31. Rd8 {[%clk 1:30:30]}
Rxc4 {[%clk 1:30:30]} 32. Bf2 {[%clk 1:30:30]} Be3 {[%clk 1:30:30]} 33. Bxe3
{[%clk 1:30:30]} dxe3 {[%clk 1:30:30]} 34. Rd7 {[%clk 1:30:30]} e2 {[%clk
1:30:30]} 35. Rfxf7+ {[%clk 1:30:30]} Kg6 {[%clk 1:30:30]} 36. Rg7+ {[%clk
1:30:30]} Kf5 {[%clk 1:30:30]} 37. Kf2 {[%clk 1:30:30]} Rxa3 {[%clk 1:30:30]} 38.
Rgf7+ {[%clk 1:30:30]} Kg6 {[%clk 1:30:30]} 39. Rg7+ {[%clk 1:30:30]} Kf5 {[%clk
1:30:30]} 40. Rgf7+ {[%clk 1:30:30]} Kg6 {[%clk 1:30:30]} 41. Rg7+ {[%clk
1:30:30]} Kf5 {[%clk 1:30:30]} 1/2-1/2

[Event "Irena Warakomska Memorial B"]
[Site "Suwalki"]
[Date "2018.08.07"]
[Round "8"]
[White "Matuszczyk, Mateusz"]
[Black "Sapeta, Robert"]
[Result "1-0"]
[Board "9"]
[WhiteElo "1733"]
[WhiteCountry "POL"]
[WhiteFideId "21855463"]
[WhiteEloChange "16"]
[BlackElo "1960"]
[BlackCountry "POL"]
[BlackFideId "1118676"]
[BlackEloChange "-16"]

1. e4 {[%clk 1:30:30]} c5 {[%clk 1:30:30]} 2. Nf3 {[%clk 1:30:30]} g6 {[%clk
1:30:30]} 3. c4 {[%clk 1:30:30]} Nc6 {[%clk 1:30:30]} 4. d4 {[%clk 1:30:30]} cxd4
{[%clk 1:30:30]} 5. Nxd4 {[%clk 1:30:30]} Bg7 {[%clk 1:30:30]} 6. Nc2 {[%clk
1:30:30]} d6 {[%clk 1:30:30]} 7. Nc3 {[%clk 1:30:30]} Bxc3+ {[%clk 1:30:30]} 8.
bxc3 {[%clk 1:30:30]} Qa5 {[%clk 1:30:30]} 9. Bd2 {[%clk 1:30:30]} Nf6 {[%clk
1:30:30]} 10. f3 {[%clk 1:30:30]} Bd7 {[%clk 1:30:30]} 11. Be2 {[%clk 1:30:30]}
O-O {[%clk 1:30:30]} 12. O-O {[%clk 1:30:30]} Rfc8 {[%clk 1:30:30]} 13. Kh1
{[%clk 1:30:30]} Ne5 {[%clk 1:30:30]} 14. Ne3 {[%clk 1:30:30]} Be6 {[%clk
1:30:30]} 15. Qb3 {[%clk 1:30:30]} Ned7 {[%clk 1:30:30]} 16. Nd5 {[%clk 1:30:30]}
Bxd5 {[%clk 1:30:30]} 17. cxd5 {[%clk 1:30:30]} Nc5 {[%clk 1:30:30]} 18. Qb2
{[%clk 1:30:30]} Na4 {[%clk 1:30:30]} 19. Qxb7 {[%clk 1:30:30]} Kg7 {[%clk
1:30:30]} 20. Qxe7 {[%clk 1:30:30]} Qc5 {[%clk 1:30:30]} 21. Ba6 {[%clk 1:30:30]}
Ng8 {[%clk 1:30:30]} 22. Qg5 {[%clk 1:30:30]} Rcb8 {[%clk 1:30:30]} 23. Rab1
{[%clk 1:30:30]} Rb6 {[%clk 1:30:30]} 24. Rxb6 {[%clk 1:30:30]} axb6 {[%clk
1:30:30]} 25. Bb7 {[%clk 1:30:30]} Ra7 {[%clk 1:30:30]} 26. Bc6 {[%clk 1:30:30]}
Nb2 {[%clk 1:30:30]} 27. Be3 {[%clk 1:30:30]} Qxc3 {[%clk 1:30:30]} 28. Bxb6
{[%clk 1:30:30]} Rxa2 {[%clk 1:30:30]} 29. Qe3 {[%clk 1:30:30]} Qxe3 {[%clk
1:30:30]} 30. Bxe3 {[%clk 1:30:30]} Nc4 {[%clk 1:30:30]} 31. Bf4 {[%clk 1:30:30]}
f6 {[%clk 1:30:30]} 32. Bb5 {[%clk 1:30:30]} Ne5 {[%clk 1:30:30]} 33. h4 {[%clk
1:30:30]} Rb2 {[%clk 1:30:30]} 34. Ba6 {[%clk 1:30:30]} Ne7 {[%clk 1:30:30]} 35.
Rc1 {[%clk 1:30:30]} Rb6 {[%clk 1:30:30]} 36. Rc7 {[%clk 1:30:30]} Rxa6 {[%clk
1:30:30]} 37. Rxe7+ {[%clk 1:30:30]} Nf7 {[%clk 1:30:30]} 38. Bh6+ {[%clk
1:30:30]} Kxh6 {[%clk 1:30:30]} 39. Rxf7 {[%clk 1:30:30]} f5 {[%clk 1:30:30]} 40.
exf5 {[%clk 1:30:30]} Ra5 {[%clk 1:30:30]} 41. g4 {[%clk 1:30:30]} gxf5 {[%clk
1:30:30]} 42. Rxf5 {[%clk 1:30:30]} Kg6 {[%clk 1:30:30]} 43. Kg2 {[%clk 1:30:30]}
Ra2+ {[%clk 1:30:30]} 44. Kg3 {[%clk 1:30:30]} Rd2 {[%clk 1:30:30]} 45. Kf4
{[%clk 1:30:30]} Rd4+ {[%clk 1:30:30]} 46. Ke3 {[%clk 1:30:30]} Rd1 {[%clk
1:30:30]} 47. h5+ {[%clk 1:30:30]} Kg7 {[%clk 1:30:30]} 48. g5 {[%clk 1:30:30]}
Rh1 {[%clk 1:30:30]} 49. Rf6 {[%clk 1:30:30]} Rxh5 {[%clk 1:30:30]} 50. Kf4
{[%clk 1:30:30]} 1-0

[Event "Irena Warakomska Memorial B"]
[Site "Suwalki"]
[Date "2018.08.07"]
[Round "8"]
[White "Zurkowski, Andrzej"]
[Black "Jankowiak, Piotr"]
[Result "0-1"]
[Board "10"]
[WhiteElo "2089"]
[WhiteCountry "POL"]
[WhiteFideId "1131303"]
[WhiteEloChange "-15"]
[BlackElo "1902"]
[BlackCountry "POL"]
[BlackFideId "1185250"]
[BlackEloChange "15"]

1. d4 {[%clk 1:30:30]} d5 {[%clk 1:30:30]} 2. Nf3 {[%clk 1:30:30]} e6 {[%clk
1:30:30]} 3. Nbd2 {[%clk 1:30:30]} Nf6 {[%clk 1:30:30]} 4. e3 {[%clk 1:30:30]} c5
{[%clk 1:30:30]} 5. b3 {[%clk 1:30:30]} Be7 {[%clk 1:30:30]} 6. Bb2 {[%clk
1:30:30]} O-O {[%clk 1:30:30]} 7. Bd3 {[%clk 1:30:30]} b6 {[%clk 1:30:30]} 8. O-O
{[%clk 1:30:30]} Nc6 {[%clk 1:30:30]} 9. Ne5 {[%clk 1:30:30]} Bb7 {[%clk
1:30:30]} 10. a3 {[%clk 1:30:30]} Rc8 {[%clk 1:30:30]} 11. Qe2 {[%clk 1:30:30]}
Qc7 {[%clk 1:30:30]} 12. Rac1 {[%clk 1:30:30]} Nxe5 {[%clk 1:30:30]} 13. dxe5
{[%clk 1:30:30]} Ne4 {[%clk 1:30:30]} 14. Bxe4 {[%clk 1:30:30]} dxe4 {[%clk
1:30:30]} 15. Qg4 {[%clk 1:30:30]} Qc6 {[%clk 1:30:30]} 16. Rfd1 {[%clk 1:30:30]}
b5 {[%clk 1:30:30]} 17. Nb1 {[%clk 1:30:30]} Rfd8 {[%clk 1:30:30]} 18. Nc3 {[%clk
1:30:30]} Rxd1+ {[%clk 1:30:30]} 19. Rxd1 {[%clk 1:30:30]} Rd8 {[%clk 1:30:30]}
20. Rxd8+ {[%clk 1:30:30]} Bxd8 {[%clk 1:30:30]} 21. Qd1 {[%clk 1:30:30]} Bc7
{[%clk 1:30:30]} 22. b4 {[%clk 1:30:30]} h6 {[%clk 1:30:30]} 23. bxc5 {[%clk
1:30:30]} Bxe5 {[%clk 1:30:30]} 24. Qd8+ {[%clk 1:30:30]} Kh7 {[%clk 1:30:30]}
25. Qe7 {[%clk 1:30:30]} Kg8 {[%clk 1:30:30]} 26. Qd8+ {[%clk 1:30:30]} Kh7
{[%clk 1:30:30]} 27. Qe7 {[%clk 1:30:30]} Kg8 {[%clk 1:30:30]} 28. Nd1 {[%clk
1:30:30]} Qd5 {[%clk 1:30:30]} 29. Bd4 {[%clk 1:30:30]} Bxd4 {[%clk 1:30:30]} 30.
exd4 {[%clk 1:30:30]} Qxd4 {[%clk 1:30:30]} 31. Ne3 {[%clk 1:30:30]} Qa1+ {[%clk
1:30:30]} 32. Nf1 {[%clk 1:30:30]} Bd5 {[%clk 1:30:30]} 33. Qe8+ {[%clk 1:30:30]}
Kh7 {[%clk 1:30:30]} 34. Qxb5 {[%clk 1:30:30]} Qc3 {[%clk 1:30:30]} 35. Qb4
{[%clk 1:30:30]} Qxc2 {[%clk 1:30:30]} 36. h3 {[%clk 1:30:30]} Qc1 {[%clk
1:30:30]} 37. Qd2 {[%clk 1:30:30]} Qxc5 {[%clk 1:30:30]} 38. Qb2 {[%clk 1:30:30]}
a5 {[%clk 1:30:30]} 39. Ne3 {[%clk 1:30:30]} a4 {[%clk 1:30:30]} 40. Qe5 {[%clk
1:30:30]} Qc1+ {[%clk 1:30:30]} 41. Kh2 {[%clk 1:30:30]} Qxa3 {[%clk 1:30:30]}
42. Nxd5 {[%clk 1:30:30]} exd5 {[%clk 1:30:30]} 43. Qf5+ {[%clk 1:30:30]} Kg8
{[%clk 1:30:30]} 44. Qxd5 {[%clk 1:30:30]} Qb4 {[%clk 1:30:30]} 45. Qa8+ {[%clk
1:30:30]} Kh7 {[%clk 1:30:30]} 46. Qe8 {[%clk 1:30:30]} f5 {[%clk 1:30:30]} 47.
Qe5 {[%clk 1:30:30]} Qf8 {[%clk 1:30:30]} 48. Qa5 {[%clk 1:30:30]} a3 {[%clk
1:30:30]} 49. Kg1 {[%clk 1:30:30]} Kh8 {[%clk 1:30:30]} 50. Qd5 {[%clk 1:30:30]}
Qb8 {[%clk 1:30:30]} 51. Qf7 {[%clk 1:30:30]} e3 {[%clk 1:30:30]} 52. fxe3 {[%clk
1:30:30]} Qb1+ {[%clk 1:30:30]} 53. Kf2 {[%clk 1:30:30]} a2 {[%clk 1:30:30]} 54.
e4 {[%clk 1:30:30]} Qb6+ {[%clk 1:30:30]} 0-1

[Event "Irena Warakomska Memorial B"]
[Site "Suwalki"]
[Date "2018.08.07"]
[Round "8"]
[White "Widla, Piotr"]
[Black "Piekielny, Pawel"]
[Result "0-1"]
[Board "11"]
[WhiteElo "2100"]
[WhiteCountry "POL"]
[WhiteFideId "1132164"]
[WhiteEloChange "-15"]
[BlackElo "1918"]
[BlackCountry "POL"]
[BlackFideId "21838828"]
[BlackEloChange "15"]

1. e4 {[%clk 1:30:30]} e6 {[%clk 1:30:30]} 2. Nc3 {[%clk 1:30:30]} d5 {[%clk
1:30:30]} 3. d4 {[%clk 1:30:30]} Nf6 {[%clk 1:30:30]} 4. Bg5 {[%clk 1:30:30]}
dxe4 {[%clk 1:30:30]} 5. Nxe4 {[%clk 1:30:30]} Be7 {[%clk 1:30:30]} 6. Bxf6
{[%clk 1:30:30]} gxf6 {[%clk 1:30:30]} 7. Nf3 {[%clk 1:30:30]} f5 {[%clk
1:30:30]} 8. Nc3 {[%clk 1:30:30]} a6 {[%clk 1:30:30]} 9. a3 {[%clk 1:30:30]} Nd7
{[%clk 1:30:30]} 10. Be2 {[%clk 1:30:30]} b5 {[%clk 1:30:30]} 11. d5 {[%clk
1:30:30]} Nf6 {[%clk 1:30:30]} 12. dxe6 {[%clk 1:30:30]} Qxd1+ {[%clk 1:30:30]}
13. Rxd1 {[%clk 1:30:30]} fxe6 {[%clk 1:30:30]} 14. Ne5 {[%clk 1:30:30]} Bb7
{[%clk 1:30:30]} 15. Bf3 {[%clk 1:30:30]} Bxf3 {[%clk 1:30:30]} 16. Nxf3 {[%clk
1:30:30]} Bd6 {[%clk 1:30:30]} 17. O-O {[%clk 1:30:30]} h6 {[%clk 1:30:30]} 18.
Rfe1 {[%clk 1:30:30]} Kf7 {[%clk 1:30:30]} 19. Ne5+ {[%clk 1:30:30]} Kg7 {[%clk
1:30:30]} 20. Rd3 {[%clk 1:30:30]} Rhg8 {[%clk 1:30:30]} 21. Nc6 {[%clk 1:30:30]}
Kf7 {[%clk 1:30:30]} 22. b4 {[%clk 1:30:30]} Rae8 {[%clk 1:30:30]} 23. Ne5+
{[%clk 1:30:30]} Kf8 {[%clk 1:30:30]} 24. Rde3 {[%clk 1:30:30]} Nd5 {[%clk
1:30:30]} 25. Nd7+ {[%clk 1:30:30]} Kf7 {[%clk 1:30:30]} 26. Nxd5 {[%clk
1:30:30]} exd5 {[%clk 1:30:30]} 27. Rxe8 {[%clk 1:30:30]} Rxe8 {[%clk 1:30:30]}
28. Rxe8 {[%clk 1:30:30]} Kxe8 {[%clk 1:30:30]} 29. Nf6+ {[%clk 1:30:30]} Kf7
{[%clk 1:30:30]} 30. Nxd5 {[%clk 1:30:30]} Ke6 {[%clk 1:30:30]} 31. Ne3 {[%clk
1:30:30]} Be5 {[%clk 1:30:30]} 32. Nd1 {[%clk 1:30:30]} Kd5 {[%clk 1:30:30]} 33.
Kf1 {[%clk 1:30:30]} f4 {[%clk 1:30:30]} 34. Ke2 {[%clk 1:30:30]} Kc4 {[%clk
1:30:30]} 35. Kf3 {[%clk 1:30:30]} c5 {[%clk 1:30:30]} 36. bxc5 {[%clk 1:30:30]}
Kxc5 {[%clk 1:30:30]} 37. h4 {[%clk 1:30:30]} Kc4 {[%clk 1:30:30]} 38. Ke4 {[%clk
1:30:30]} Bd6 {[%clk 1:30:30]} 39. h5 {[%clk 1:30:30]} a5 {[%clk 1:30:30]} 40.
Kf5 {[%clk 1:30:30]} a4 {[%clk 1:30:30]} 41. g4 {[%clk 1:30:30]} fxg3 {[%clk
1:30:30]} 42. fxg3 {[%clk 1:30:30]} Bxa3 {[%clk 1:30:30]} 43. Ne3+ {[%clk
1:30:30]} Kd4 {[%clk 1:30:30]} 44. Ng2 {[%clk 1:30:30]} Bc1 {[%clk 1:30:30]} 45.
Nf4 {[%clk 1:30:30]} Bxf4 {[%clk 1:30:30]} 46. gxf4 {[%clk 1:30:30]} a3 {[%clk
1:30:30]} 47. Kg6 {[%clk 1:30:30]} a2 {[%clk 1:30:30]} 48. Kxh6 {[%clk 1:30:30]}
a1Q {[%clk 1:30:30]} 49. f5 {[%clk 1:30:30]} Ke5 {[%clk 1:30:30]} 50. Kg6 {[%clk
1:30:30]} Qg1+ {[%clk 1:30:30]} 51. Kh6 {[%clk 1:30:30]} Kf6 {[%clk 1:30:30]} 0-1